000 00223nam a22000857a 4500
008 170613b xxu||||| |||| 00| 0 eng d
100 _93372
_aMohan. A
245 _aEdegeways multi skill english
260 _aNew Delhi
_bPrachi
_c2010
999 _c6709
_d6709